000 00693nam a2200265Ia 4500
005 20260121171420.0
008 008 260114s9999 xx 000 0 eng d
020 _a9783030223274
037 _aEBOOK
040 _aCRL
040 _beng
040 _cCRL
041 _2eng
041 _aeng
084 _qCRL
100 _aAntoni Grau, Yannick Morel, Ana Puig-Pey, Francesca Cecchi
_91075964
245 0 _aAdvances in Robotics Research: From Lab to Market
260 _bSpringer
260 _bSpringer
260 _c2020
856 _uhttps://link.springer.com/openurl?genre=book&isbn=978-3-030-22327-4
942 _cEBOOK
999 _c1641694
_d1641694